| 000 | 01599cam a2200277 4500500 | ||
|---|---|---|---|
| 005 | 20260405002835.0 | ||
| 041 | _afre | ||
| 042 | _adc | ||
| 100 | 1 | 0 |
_aBreka, Jean _eauthor |
| 700 | 1 | 0 |
_aZogbasse, Kouakou Emmanuel _eauthor |
| 245 | 0 | 0 | _aLes dynamiques de genre dans la production de cacao en Côte d’Ivoire et leur influence sur le side-selling |
| 260 | _c2026. | ||
| 500 | _a94 | ||
| 520 | _aCet article analyse les dynamiques de genre dans la filière cacao en Côte d’Ivoire, montrant que l’exclusion des femmes et leur précarité favorisent le side-selling. Il propose des leviers d’action : formation, financement innovant, outils numériques et gouvernance inclusive pour renforcer durabilité, équité et compétitivité du secteur. | ||
| 520 | _aThis article analyzes gender dynamics in the cocoa sector in Côte d’Ivoire, showing that women’s exclusion and precarious working conditions promote side-selling. It proposes levers for action–including training, innovative financing, digital tools, and inclusive governance–to strengthen the sector’s sustainability, equity, and competitiveness. | ||
| 690 | _aDynamiques de genre | ||
| 690 | _aGouvernance inclusive | ||
| 690 | _aProduction de cacao | ||
| 690 | _aSide-selling | ||
| 690 | _aCocoa Production | ||
| 690 | _aGender Dynamics | ||
| 690 | _aInclusive Governance | ||
| 690 | _aSide-Selling | ||
| 786 | 0 | _nManagement & Avenir | 151 | 1 | 2026-03-09 | p. 87-106 | 1768-5958 | |
| 856 | 4 | 1 | _uhttps://shs.cairn.info/revue-management-avenir-2026-2-page-87?lang=fr&redirect-ssocas=7080 |
| 999 |
_c2061646 _d2061646 |
||